A textbook of economics

Na minha lista:
Detalhes bibliográficos
Autor principal: Hanson, J. L.
Formato: Livro
Idioma:Undetermined
Publicado em: London Macdonald & Evans, Ltd. 1966
Assuntos:
Tags: Adicionar Tag
Sem tags, seja o primeiro a adicionar uma tag!
Thư viện lưu trữ: Trung tâm Học liệu Trường Đại học Cần Thơ
LEADER 00434nam a2200169Ia 4500
001 CTU_79627
008 210402s9999 xx 000 0 und d
082 |a 330 
082 |b H251 
100 |a Hanson, J. L. 
245 2 |a A textbook of economics 
245 0 |c J. L. Hanson 
260 |a London 
260 |b Macdonald & Evans, Ltd. 
260 |c 1966 
650 |a Economics 
980 |a Trung tâm Học liệu Trường Đại học Cần Thơ